| 000 | 00960nam a2200277 i 4500 | ||
|---|---|---|---|
| 001 | 106095 | ||
| 003 | ES-MaACL | ||
| 005 | 20250909230651.0 | ||
| 007 | t| | ||
| 008 | 060926s1971 cl ||||1| spa d | ||
| 080 | _a330.85 | ||
| 080 | _a141.82 | ||
| 100 | 1 |
_aMarx, Karl, _d1818-1883 _978590 |
|
| 245 | 1 | 0 |
_aManifiesto comunista / _cMarx y Engels ; traducido del original alemán por Mauricio Amster ; con ensayos preliminares de Rodolfo Mondolfo y Aníbal Ponce. |
| 260 |
_aSantiago de Chile : _bEditorial Universitaria, _c[1971] |
||
| 300 |
_aLXIX, 69 p. ; _c19 cm. |
||
| 490 | 1 | _aLos clásicos | |
| 650 | 7 |
_aComunismo _2embne _911211 |
|
| 700 | 1 |
_aEngels, Friedrich. _947225 |
|
| 700 | 1 |
_aAmster, Mauricio. _921346 |
|
| 700 | 1 |
_aMondolfo, Rodolfo. _982147 |
|
| 700 | 1 |
_aPonce, Aníbal, _d1898-1938 _992937 |
|
| 830 | 1 |
_aLos clásicos _9184368 |
|
| 852 |
_aES-MaACL _jAND-793 _z- Biblioteca Juan Andrade |
||
| 999 |
_c106095 _d106095 |
||